| 000 | 00704nam a2200205 a 4500 | ||
|---|---|---|---|
| 005 | 20210223123613.0 | ||
| 008 | 991125s1996 mx 000 0 spa u | ||
| 020 | _a9684266871 | ||
| 035 | _aUPN01000056587 | ||
| 049 | _aCG | ||
| 050 | 4 |
_aBF433 A6 _bB4.78 1996 |
|
| 100 | 1 |
_aBellak, Leopold, _d1916-2000 _931877 |
|
| 245 | 1 | 0 |
_aTest de apercepción temática, test de apercepción infantil y técnica de apercepción para edades avanzadas : _buso clínico / _cLeopold Bellak ; tr. Mireya García Mulsa. |
| 250 | _a3a ed. | ||
| 260 |
_aMéxico : _bEl Manual Moderno, _c1996. |
||
| 300 | _a451 p. | ||
| 650 | 4 |
_aAPERCEPCION - _xPRUEBAS _97218 |
|
| 650 | 4 | _aPRUEBA DE APERCEPCION TEMATICA | |
| 905 | _aLibro | ||
| 999 |
_c56587 _d56587 |
||